00186 a2200097 4500260001000000260001000010245003900020260000900059300001100068035000900079 aParis bVigot aSoins en rééducation précoce c1982 a159 p. a8959